00330nam a2200097Ia 4500008004100000020001800041100002200059245009200081260004000173300001900213180219s9999 xx 000 0 und d a9781419582448 aIrwin, Barbara J. cBurckhardt, Judith A.aNCLEX-RN :bStrategies for the registered nursing licensing exam aNew york :bKaplan publishingc2006 avii, 347 pages